<?xml version="1.0" encoding="UTF-8"?>
<record
    xmlns:xsi="http://www.w3.org/2001/XMLSchema-instance"
    xsi:schemaLocation="http://www.loc.gov/MARC21/slim http://www.loc.gov/standards/marcxml/schema/MARC21slim.xsd"
    xmlns="http://www.loc.gov/MARC21/slim">

  <leader>00378nam a22001457a 4500</leader>
  <controlfield tag="005">20240822142329.0</controlfield>
  <controlfield tag="008">240822b        |||||||| |||| 00| 0 eng d</controlfield>
  <datafield tag="020" ind1=" " ind2=" ">
    <subfield code="a">978-1-4390-5569-4</subfield>
  </datafield>
  <datafield tag="100" ind1=" " ind2=" ">
    <subfield code="a">BURTON L. DEVERE</subfield>
  </datafield>
  <datafield tag="245" ind1=" " ind2=" ">
    <subfield code="a">AGRISCIENCE: FUNDAMENTALS AND PRACTICE</subfield>
  </datafield>
  <datafield tag="250" ind1=" " ind2=" ">
    <subfield code="a">5TH</subfield>
  </datafield>
  <datafield tag="260" ind1=" " ind2=" ">
    <subfield code="a">NEW YORK</subfield>
    <subfield code="b">DELMAR</subfield>
    <subfield code="c">2010</subfield>
  </datafield>
  <datafield tag="500" ind1=" " ind2=" ">
    <subfield code="a">INCLUDES AN INDEX</subfield>
  </datafield>
  <datafield tag="942" ind1=" " ind2=" ">
    <subfield code="2">lcc</subfield>
    <subfield code="c">BK</subfield>
  </datafield>
  <datafield tag="999" ind1=" " ind2=" ">
    <subfield code="c">211579</subfield>
    <subfield code="d">211579</subfield>
  </datafield>
  <datafield tag="952" ind1=" " ind2=" ">
    <subfield code="0">0</subfield>
    <subfield code="1">0</subfield>
    <subfield code="2">lcc</subfield>
    <subfield code="4">0</subfield>
    <subfield code="6">S0495 B87  02010</subfield>
    <subfield code="7">0</subfield>
    <subfield code="8">SCT</subfield>
    <subfield code="9">353289</subfield>
    <subfield code="a">KSUL</subfield>
    <subfield code="b">KSUL</subfield>
    <subfield code="c">DISPLAY</subfield>
    <subfield code="d">2024-08-22</subfield>
    <subfield code="i">28652</subfield>
    <subfield code="l">0</subfield>
    <subfield code="o">S 495 .B87 2010</subfield>
    <subfield code="p">000000009423</subfield>
    <subfield code="r">2024-08-22 14:25:32</subfield>
    <subfield code="t">c.1</subfield>
    <subfield code="w">2024-08-22</subfield>
    <subfield code="y">BK</subfield>
  </datafield>
</record>
